000
00342pab a2200145 454500
008
180718b1989 xxu||||| |||| 00| 0 eng d
100
_a
D'Souza, J.B.
245
_a
The real city - savers
260
_c
1989
300
_a
1089-90
362
_a
20 May
650
_a
Cities And Towns
773
_a
Economic and Political Weekly
909
_a
5347
999
_c
5347
_d
5347